000 00465nam a2200193Ia 4500
008 101110s9999 xx 000 0 und d
041 _aHINDI
082 _bSR21876
_a891.433009
100 _aMishra Savitri
245 _aJainendra Srujan Aur Sandarbh
365 _b80
520 _aHindi
546 _aHINDI
630 _aJainendra Srujan Aur Sandarbh
650 _aHindi
655 _aHindi
730 _aJainendra Srujan Aur Sandarbh
942 _cBOOK
999 _c814709
_d814706